| 000 | 005540000a22001810004500 | ||
|---|---|---|---|
| 003 | MACL | ||
| 005 | 20160329170040.0 | ||
| 008 | 160329b xxu||||| |||| 00| 0 eng d | ||
| 040 |
_aMACL _cMACL |
||
| 041 | _aHindi | ||
| 082 | _a294 KAI | ||
| 100 |
_aकैलाशपति पं _948782 |
||
| 245 | _aअंधविश्वास और विज्ञान | ||
| 260 |
_bजगतराम एण्ड सन्स _c2007 _aनई दिल्ली |
||
| 350 | _a90 | ||
| 650 |
_aReligion _948783 |
||
| 942 |
_cHIN _k294/KAI _2ddc |
||
| 999 |
_c41285 _d41285 |
||